00367nam a2200109Ia 4500008004100000245005000041260000900091650001700100856004800117999001900165952007300184171211s9999 xx 000 0 und d aMuto-dori: Combate contra adversarios armados c1995 xMartial Arts uhttp://down.ebook777.com/065/8488738161.pdf c348169d348169 001040aCLbCLd2017-12-11l0r2017-12-11 00:00:00w2017-12-11yCBE